| 000 | 01147nam a22002777i 4500 | ||
|---|---|---|---|
| 001 | BINCO | ||
| 003 | CO-MdBIC | ||
| 005 | 20240602115037.0 | ||
| 008 | 220423t2001 spaa|||| |||| 00| 0 spa d | ||
| 020 | _a9788478645657 | ||
| 040 |
_a CO-MdBIC _bspa. _cCO-MdBIC _d CO-MdBIC |
||
| 041 | _aspa | ||
| 082 |
_223 _a863.01 _bM724 |
||
| 100 |
_aMolist, Pep, _d1965 |
||
| 245 |
_aArena en los zapatos _c/ Pep Molist ; ilustrado por María Espluga |
||
| 250 | _aTercera edición | ||
| 260 | 1 |
_aEspaña: _bCombel , _c[2001] |
|
| 264 | _c© 2001 | ||
| 300 |
_a20 paginas _b; ilustraciones a color _c, 21 cm. |
||
| 490 | _aCaballo alado. Al galope | ||
| 501 | _aUn día, María se quedó sola en la biblioteca. Aquel día, María quería hacer lo mismo que sus hermanos: meterse dentro de un libro. Los hermanos de María decían que era maravilloso. Y cuando lo decían, les brillaban los ojos. Aquel día, en la biblioteca, había llegado el momento. María quería meterse dentro de un libro. | ||
| 650 | 7 |
_9100 _aEducación infantil |
|
| 650 | 7 |
_aLiteratura española _97089 |
|
| 700 |
_aEspluga, Maria, _d1968 _eilustradora |
||
| 942 | _cLGB | ||
| 999 |
_c67790 _d67790 |
||